000 00413nam a2200157 a 4500
005 20140412111406.0
008 070710s19uu xx 00 eng d
020 _a983-137-909-8
050 _aER
_bBE385 2001
245 _aBeauty and the beast :
_bThe frog prince.
260 _aMalaysia :
_bRCDS Sdn,
_c2001.
300 _a31
440 _aClassic fairy tales
650 _aChildren stories
999 _c105565
_d105565